000 00755nam a2200193 a 4500
003 0
005 20250424105932.0
008 060729s19uu xx 00 eng d
050 _aPHS LB 2351.2
_b.E54 2006
100 _aEng, Rafael David Soren M.
245 _aA Comparative study on the perceptions of grade 10 SISC and EIS students on the IB program /
_cRafael David Soren M. Eng.
260 _aLas PiƱas City, Philippines :
_bSouthville International School and Colleges,
_c2006.
300 _a34 pages :
_billustrations ;
_c28 cm.
504 _aIncludes bibliographical references.
650 _aInternational Baccalaureate.
650 _aComparative education
_xPhilippines.
650 _aInternational education
_zPhilippines.
942 _2lcc
_cPASS
999 _c97600
_d97600